00581nam a2200193Ia 4500008004100000020000700041082001500048100002900063245002600092250000700118260003500125300002300160500000700183600003300190650001300223942000700236952012900243999001500372240925s9999 xx 000 0 und d aNA a297.63 SAL aSulaiman ,Muhammad Qazi 0aRehmat ul lel Almeen  aNA aKarachi:bDarul Ishaatc,1988. a90p.bIIfOriginal aNA aHumanities & Natural Science aReligion cBK 001040708HUMaUITUbUITUd1998-02-24eBAIT - ul -Qurang315.00l0o297.63 SALpQ1386r2024-09-25 07:12:25w2024-09-25yBK c3885d3885